000 00818nam a2200253 a 4500
001 000021301
005 20200930011306.0
008 100903s1999 sp 000 f spa d
020 _a8479533714
040 _aDO-SdBNP
_bspa
_cBNPHU
082 _a813.54
_bP993u
100 1 _aPutney, Mary Jo
_944513
240 1 0 _aDancing in the wind.
_lEspañol
245 1 0 _aUn baile con el diablo /
_cMary Jo Putney ; traducción de Cristina Martín Sanz.
260 _aBarcelona :
_bUrano :
_bTitania,
_c1999.
300 _a426 p. ;
_c23 cm.
500 _aIncluye lista de obras de la colección
534 _aTítulo original :
_tDancing in the wind.
650 4 _aNovela estadounidense
_9262
650 4 _aLiteratura estadounidense
_9263
700 1 _aMartín Sanz, Cristina,
_etr.
_944188
910 _aWM
049 _aBNGR
999 _c20801
_d20801